| 000 -ლიდერი |
| ფიქსირებული სიგრძის საკონტროლო ველი |
01167nam a2200241Ia 4500 |
| 001 - საკონტროლო ნომერი |
| საკონტროლო ველი |
23663 |
| 003 - საკონტროლო ნომრის იდენტიფიკატორი |
| საკონტროლო ველი |
GE_BSU |
| 005 - ბოლო ოპერაციის თარიღი და დრო |
| საკონტროლო ველი |
20250520120610.0 |
| 008 - ფიქსირებული სიგრძის მონაცემთა ელემენტები - ზოგადი ინფორმაცია |
| ფიქსირებული სიგრძის საკონტროლო ველი |
181216s1976||||ge |||||||||||||| ||geo|| |
| 040 ## - კატალოგიზაციის წყარო |
| Transcribing agency |
GE_BSU |
| 041 ## - ენის კოდი |
| Language code of text/sound track or separate title |
geo |
| 080 ## - უნივერსალური ათობითი კლასიფიკაციის ინდექსი |
| Universal Decimal Classification number |
611(075.8) ნ-19 |
| 100 ## - მთავარი ჩანაწერი - პიროვნების სახელი |
| Personal name |
ნათიშვილი, ალ. |
| 9 (RLIN) |
22403 |
| 245 ## - ცნობა სათაურის შესახებ |
| Title |
ადამიანის ნორმალური ანატომია : |
| Remainder of title |
[სახელმძღვ. სამედ. ინ-ტის სტუდენტებისათვის] / |
| Statement of responsibility, etc |
ალ. ნათიშვილი; რედ. ნ. ჯავახიშვილი. ლ. შელია. |
| 250 ## - გამოცემის ცნობა |
| Edition statement |
მე-3 გამოც. |
| 264 ## - წარმოების, გამოცემის, დისტრიბუციის და სხვა ცნობები |
| გამოცემის, წარმოების, დისტრიბუციის... ადგილი |
თბილისი : |
| გამოცემის, წარმოების, დისტრიბუციის... სახელწოდება |
განათლება, |
| გამოცემის, წარმოების, დისტრიბუციის... თარიღი |
1976. |
| 300 ## - ფიზიკური აღწერა |
| Extent |
594 გვ. : |
| Other physical details |
ილ. 1 ფ. პორტრ. ; |
| Dimensions |
26 სმ. |
| 653 ## - INDEX TERM--UNCONTROLLED |
| Uncontrolled term |
ადამიანის ნორმალური ანატომია |
| 653 ## - INDEX TERM--UNCONTROLLED |
| Uncontrolled term |
მედიცინა |
| 700 ## - ADDED ENTRY--PERSONAL NAME |
| Personal name |
ჯავახიშვილი, ნ. |
| Relator term |
რედაქტორი |
| 9 (RLIN) |
25076 |
| 700 ## - ADDED ENTRY--PERSONAL NAME |
| Personal name |
შელია, ლ. |
| Relator term |
რედაქტორი |
| 9 (RLIN) |
25077 |
| 942 ## - ADDED ENTRY ELEMENTS (KOHA) |
| Koha item type |
წიგნი |
| Source of classification or shelving scheme |
|